[Event "Bonn - Hellertal"]
[Site "?"]
[Date "2024.02.04"]
[Round "5.1"]
[White "Mueller, Sven"]
[Black "Mueller, Adrian"]
[Result "0-1"]
[WhiteElo "2106"]
[BlackElo "2016"]
[PlyCount "172"]
[EventDate "2024.??.??"]
[SourceVersionDate "2020.03.16"]

1. e4 e5 2. Nf3 Nc6 3. d4 exd4 4. Nxd4 Bc5 5. Nxc6 Qf6 6. Qf3 bxc6 7. Qxf6 Nxf6 8. f3 d5 9. Nd2 Be3 10. Bd3 O-O 11. Nb3 Bxc1 12. Rxc1 dxe4 13. fxe4 Nxe4 14. O-O Nf6 15. Nc5 Nd7 16. Nxd7 Bxd7 17. Bc4 Rae8 18. Rcd1 Re7 19. Rfe1 Rxe1+ 20. Rxe1 Re8 21. Rd1 Rd8 22. Kf2 Kf8 23. Rd3 Ke7 24. Ke3 Be8 25. Ra3 Ra8 26. b3 c5 27. Ra5 Kd6 28. Bb5 c6 29. Bd3 Bd7 30. Ra4 h6 31. Kf4 g5+ 32. Kf3 f5 33. g3 Be6 34. Bc4 Bd7 35. Ra5 Be8 36. Bd3 Bd7 37. Bc4 f4 38. gxf4 Rf8 39. Rxa7 Rxf4+ 40. Kg3 Rg4+ 41. Kf2 Rh4 42. Kg3 Bf5 43. a4 Rh3+ 44. Kg2 Rc3 45. a5 Bxc2 46. Rb7 Be4+ 47. Kg1 Bd5 48. a6 Bxc4 49. a7 Rc1+ 50. Kf2 Ra1 51. bxc4 Ke5 52. Ke3 Ra3+ 53. Kd2 Kd4 54. Rh7 Ra2+ 55. Kc1 Kxc4 56. Rxh6 Ra1+ 57. Kb2 Rxa7 58. Rg6 Rh7 59. Rxg5 Rxh2+ 60. Kc1 Kb5 61. Rg3 c4 62. Rf3 Kb4 63. Rg3 Ra2 64. Kb1 Rd2 65. Kc1 Rd3 66. Rg6 c5 67. Rg2 Ra3 68. Kb1 Rd3 69. Rh2 Rd1+ 70. Kc2 Ra1 71. Rh3 Ra2+ 72. Kc1 Ra4 73. Rg3 c3 74. Rg8 Kb3 75. Rb8+ Rb4 76. Rc8 Rh4 77. Rb8+ Kc4 78. Rc8 Kd3 79. Rd8+ Rd4 80. Rc8 Rd5 81. Rc7 c2 82. Rh7 Kc3 83. Rh3+ Rd3 84. Rg3 c4 85. Rh3 Kb3 86. Rh1 Rd1+ 0-1

[Event "Bonn - Hellertal"]
[Site "?"]
[Date "2024.02.04"]
[Round "5.2"]
[White "Horstmann, Olaf"]
[Black "Petri, Wolfgang"]
[Result "1-0"]
[WhiteElo "2112"]
[BlackElo "1959"]
[PlyCount "97"]
[EventDate "2024.??.??"]
[SourceVersionDate "2020.03.16"]

1. e4 c5 2. d3 Nc6 3. g3 g6 4. Bg2 Bg7 5. c3 e6 6. Be3 b6 7. f4 Nge7 8. Nf3 O-O 9. O-O d5 10. e5 Ba6 11. Na3 f6 12. exf6 Bxf6 13. Qd2 Qd6 14. Nc2 Rad8 15. Bf2 e5 16. fxe5 Nxe5 17. Nxe5 Bxe5 18. Rfe1 d4 19. c4 Bc8 20. b4 Qf6 21. Rf1 Bf5 22. Rae1 Bd6 23. Re2 Qg7 24. h3 h5 25. bxc5 bxc5 26. Ne1 Kh7 27. Nf3 Ng8 28. Ng5+ Kh8 29. Ne6 Bxe6 30. Rxe6 h4 31. Qg5 hxg3 32. Bxg3 Bxg3 33. Rxg6 Qe5 34. Qxg3 Rxf1+ 35. Bxf1 Qe7 36. Qg4 Qe3+ 37. Kh1 Kh7 38. Rg7+ Kh8 39. Rf7 Qh6 40. Qf4 Qxf4 41. Rxf4 Kg7 42. Rf5 Rf8 43. Rxf8 Kxf8 44. Kg2 Ne7 45. Kf3 Nf5 46. Kf4 Ne3 47. Be2 a5 48. Ke5 Ke7 49. a4 1-0

[Event "Bonn - Hellertal"]
[Site "?"]
[Date "2024.02.04"]
[Round "5.3"]
[White "Reiffenrath, Christian"]
[Black "Limp, Roland"]
[Result "1/2-1/2"]
[WhiteElo "1860"]
[BlackElo "2001"]
[PlyCount "51"]
[EventDate "2024.??.??"]
[SourceVersionDate "2020.03.16"]

1. f4 Nf6 2. Nf3 g6 3. e3 Bg7 4. d4 d6 5. Bc4 O-O 6. O-O Nc6 7. c3 Bf5 8. h3 e5 9. g4 Be4 10. Nbd2 Bd5 11. g5 Bxf3 12. Qxf3 Nd7 13. Bd5 exd4 14. exd4 Ne7 15. Bxb7 Rb8 16. Be4 f6 17. h4 fxg5 18. hxg5 Rb5 19. Qh3 Nf5 20. a4 Rb8 21. Kg2 Ne7 22. Nf3 Rf7 23. Rh1 Nf8 24. Bd3 Qd7 25. Bc4 d5 26. Bd3 1/2-1/2

[Event "Bonn - Hellertal"]
[Site "?"]
[Date "2024.02.04"]
[Round "5.4"]
[White "Wahl, Felix"]
[Black "Mellmann, Matthias"]
[Result "1-0"]
[WhiteElo "2098"]
[BlackElo "1782"]
[PlyCount "49"]
[EventDate "2024.??.??"]
[SourceVersionDate "2020.03.16"]

1. e4 c6 2. d4 d5 3. Nc3 dxe4 4. Nxe4 Nd7 5. Ng5 Ngf6 6. Bd3 g6 7. N1f3 Bg7 8. Qe2 O-O 9. h4 Nb6 10. h5 Bg4 11. hxg6 hxg6 12. Bd2 c5 13. dxc5 Na4 14. Bc4 Nxb2 15. Nxf7 Rxf7 16. Bxf7+ Kxf7 17. Ne5+ Kg8 18. Nxg4 Qd4 19. Nxf6+ Bxf6 20. Qe6+ Kf8 21. Bh6+ Ke8 22. O-O Qc4 23. Qxc4 Nxc4 24. Rab1 Nd2 25. Bxd2 1-0

[Event "Bonn - Hellertal"]
[Site "?"]
[Date "2024.02.04"]
[Round "5.5"]
[White "Herfel, Manfred"]
[Black "Dehmel, Jens"]
[Result "0-1"]
[WhiteElo "1768"]
[BlackElo "1950"]
[PlyCount "66"]
[EventDate "2024.??.??"]
[SourceVersionDate "2020.03.16"]

1. d4 d5 2. c4 c6 3. Nc3 Nf6 4. Bg5 dxc4 5. a4 h6 6. Bxf6 exf6 7. e3 Be6 8. Nf3 Bb4 9. Be2 O-O 10. O-O Nd7 11. d5 cxd5 12. Nxd5 Qa5 13. Nxb4 Qxb4 14. Qc2 Nc5 15. Nd4 Nb3 16. Rad1 Nxd4 17. Rxd4 Rfd8 18. Bf3 Rac8 19. h3 a6 20. Rfd1 Re8 21. R1d2 Rb8 22. Bg4 b5 23. axb5 axb5 24. Bf5 Qc5 25. Bxe6 Rxe6 26. Rd5 Qc7 27. Qf5 Re5 28. Qf3 Rxd5 29. Qxd5 b4 30. g3 c3 31. Rc2 b3 32. Rc1 c2 33. Kh2 Qe5 0-1

[Event "Bonn - Hellertal"]
[Site "?"]
[Date "2024.02.04"]
[Round "5.8"]
[White "Moos, Gerd Anton Ferdinan"]
[Black "Kessler, Rene"]
[Result "1-0"]
[WhiteElo "1879"]
[BlackElo "1527"]
[PlyCount "53"]
[EventDate "2024.??.??"]
[SourceVersionDate "2020.03.16"]

1. d4 Nf6 2. c4 g6 3. Nc3 Bg7 4. e4 O-O 5. Nf3 d6 6. Be2 c5 7. d5 a6 8. O-O e6 9. h3 exd5 10. exd5 Nbd7 11. Bf4 Nb6 12. Qd2 Re8 13. Bd3 Rb8 14. Rfe1 Na8 15. Rxe8+ Nxe8 16. Re1 Nf6 17. Qe3 Bf8 18. Bg5 Bg7 19. Qf4 Nh5 20. Bxd8 Nxf4 21. Re8+ Bf8 22. Be7 Nc7 23. Rxf8+ Kg7 24. Bf1 Nfe6 25. dxe6 Nxe6 26. Re8 Nc7 27. Bxd6 1-0

[Event "Solingen IV - Porz IV"]
[Site "?"]
[Date "2024.02.04"]
[Round "5.1"]
[White "Thalwitzer, David"]
[Black "Fichtner, Ewald"]
[Result "1/2-1/2"]
[WhiteElo "2104"]
[BlackElo "2060"]
[PlyCount "56"]
[EventDate "2024.??.??"]
[SourceVersionDate "2020.03.16"]

1. e4 c6 2. d4 d5 3. exd5 cxd5 4. c4 Nf6 5. Nc3 Nc6 6. Bg5 dxc4 7. d5 Ne5 8. Qd4 h6 9. Qxe5 hxg5 10. Bxc4 Bd7 11. Nf3 Rc8 12. Bb3 g4 13. Ng5 Rh5 14. O-O Rxc3 15. bxc3 Nh7 16. d6 e6 17. Nxf7 Rxe5 18. Nxd8 Kxd8 19. Rad1 Ng5 20. Rd4 Re4 21. Rd2 Bb5 22. Rfd1 Kd7 23. Bc2 Re2 24. Rxe2 Bxe2 25. Rd2 Bf3 26. Rd4 Be2 27. Rd2 Bf3 28. Rd4 Be2 1/2-1/2

[Event "Solingen IV - Porz IV"]
[Site "?"]
[Date "2024.02.04"]
[Round "5.2"]
[White "Hobusch, Alexander"]
[Black "Trunz, Michelle"]
[Result "1/2-1/2"]
[WhiteElo "2152"]
[BlackElo "1878"]
[PlyCount "64"]
[EventDate "2024.??.??"]
[SourceVersionDate "2020.03.16"]

1. d4 d5 2. Nf3 Nf6 3. c4 c6 4. cxd5 cxd5 5. Nc3 e6 6. Bf4 Bd6 7. Bxd6 Qxd6 8. Qb3 O-O 9. e3 Nc6 10. Bd3 Rb8 11. O-O Bd7 12. a3 Rfc8 13. Nb5 Qe7 14. Ne5 a6 15. Nxd7 Qxd7 16. Nc3 b5 17. Rfb1 Na5 18. Qd1 Nc4 19. Ne2 Qe7 20. b4 Rc7 21. a4 e5 22. dxe5 Qxe5 23. Nd4 Ne4 24. Bxe4 dxe4 25. axb5 axb5 26. Ra6 Qg5 27. Qe2 h6 28. Rba1 Rd8 29. Ra8 Rxa8 30. Rxa8+ Kh7 31. h4 Qd5 32. Rb8 Rb7 1/2-1/2

[Event "Solingen IV - Porz IV"]
[Site "?"]
[Date "2024.02.04"]
[Round "5.3"]
[White "Wagenknecht, Uwe"]
[Black "Auer, Martin"]
[Result "1/2-1/2"]
[WhiteElo "2115"]
[BlackElo "2208"]
[PlyCount "42"]
[EventDate "2024.??.??"]
[SourceVersionDate "2020.03.16"]

1. Nf3 g6 2. d4 Bg7 3. Bf4 Nf6 4. e3 O-O 5. c4 c5 6. Nc3 d5 7. Be2 cxd4 8. Nxd4 Nc6 9. O-O Nxd4 10. exd4 dxc4 11. Bxc4 Qb6 12. Be5 Bd7 13. Qe2 e6 14. Rfd1 Bc6 15. Rac1 Rad8 16. h3 Rd7 17. a3 a6 18. b4 Rc8 19. Bb3 Qd8 20. a4 Nd5 21. Nxd5 Bxd5 1/2-1/2

[Event "Solingen IV - Porz IV"]
[Site "?"]
[Date "2024.02.04"]
[Round "5.4"]
[White "Koshel, Stanislav"]
[Black "Evers, Leo"]
[Result "1-0"]
[WhiteElo "1825"]
[BlackElo "2073"]
[PlyCount "83"]
[EventDate "2024.??.??"]
[SourceVersionDate "2020.03.16"]

1. d4 Nf6 2. c4 c5 3. d5 b5 4. cxb5 a6 5. bxa6 g6 6. Nc3 Bxa6 7. e4 Bxf1 8. Kxf1 d6 9. Nf3 Bg7 10. g3 O-O 11. Kg2 Nbd7 12. a4 Ra6 13. Ra3 Ng4 14. Qc2 Qa8 15. Bg5 Re8 16. Nb5 Qc8 17. h3 Nge5 18. Nd2 Nb6 19. Rc1 f6 20. Be3 Qd7 21. f4 Nf7 22. b3 Rb8 23. Nc3 Na8 24. Qd3 Ra7 25. Raa1 Nc7 26. Rab1 Na6 27. Nb5 Nb4 28. Qe2 f5 29. Nxa7 Qxa7 30. exf5 gxf5 31. Rc4 Nxd5 32. Re1 e5 33. fxe5 Nxe5 34. Rh4 Qb7 35. Kh2 Ng6 36. Rh5 Qf7 37. Qf3 Rf8 38. Nc4 Ne5 39. Nxe5 Bxe5 40. Bxc5 Bc3 41. Rd1 dxc5 42. Qxd5 1-0

[Event "Solingen IV - Porz IV"]
[Site "?"]
[Date "2024.02.04"]
[Round "5.5"]
[White "Thiemonds, Uli"]
[Black "Erkay, Ali-Necip"]
[Result "1/2-1/2"]
[WhiteElo "2067"]
[BlackElo "1874"]
[PlyCount "95"]
[EventDate "2024.??.??"]
[SourceVersionDate "2020.03.16"]

1. e4 Nf6 2. e5 Nd5 3. d4 d6 4. c4 Nb6 5. exd6 cxd6 6. Nf3 g6 7. Be3 Bg7 8. h3 Nc6 9. Nc3 O-O 10. Be2 Bf5 11. O-O d5 12. b3 dxc4 13. bxc4 Na5 14. c5 Nd5 15. Nxd5 Qxd5 16. Qa4 b6 17. Rac1 Bd7 18. Qa3 Bc6 19. Rfd1 e6 20. Ne1 Qd7 21. Qb4 Qe7 22. Bf4 Qd8 23. Bd6 Re8 24. Bf3 Bxf3 25. Nxf3 Rc8 26. Rb1 Nc6 27. Qa4 Bf8 28. Bxf8 Rxf8 29. cxb6 axb6 30. Qb5 Qd6 31. Qxb6 Qa3 32. Qb3 Ra8 33. d5 exd5 34. Qxd5 Nb4 35. Qc4 Nxa2 36. Ra1 Qc3 37. Qd5 Ra5 38. Qd6 Rfa8 39. Rab1 R5a6 40. Rb8+ Rxb8 41. Qxb8+ Kg7 42. Ne5 Re6 43. Nd7 Qb4 44. Qa8 Nc3 45. Qa1 f6 46. Re1 Rxe1+ 47. Qxe1 Qd6 48. Qxc3 1/2-1/2

[Event "Solingen IV - Porz IV"]
[Site "?"]
[Date "2024.02.04"]
[Round "5.7"]
[White "Hackbusch, Thomas"]
[Black "Kovalyov, Dima"]
[Result "1/2-1/2"]
[WhiteElo "1710"]
[BlackElo "1602"]
[PlyCount "63"]
[EventDate "2024.??.??"]
[SourceVersionDate "2020.03.16"]

1. d4 d5 2. c4 c6 3. Nc3 Nf6 4. Nf3 e6 5. Bg5 Be7 6. e3 O-O 7. Bd3 Nbd7 8. O-O h6 9. Bh4 dxc4 10. Bxc4 c5 11. Rc1 cxd4 12. exd4 Nb6 13. Bb3 Nbd5 14. Qe2 b6 15. Rfd1 Bb7 16. Bg3 Nh5 17. Nxd5 Bxd5 18. Bc7 Qe8 19. Bxd5 exd5 20. Qa6 Qc8 21. Qb5 Qf5 22. Re1 Bf6 23. Be5 Rfd8 24. Rc3 Nf4 25. Bxf6 Qxf6 26. Ne5 Rac8 27. Rf3 Rc2 28. h3 h5 29. Nd3 Re2 30. Rd1 Re4 31. Nxf4 Rxf4 32. Rxf4 1/2-1/2

[Event "Solingen IV - Porz IV"]
[Site "?"]
[Date "2024.02.04"]
[Round "5.8"]
[White "Steinbach, Wolfgang"]
[Black "Aravindan, Midhulan"]
[Result "1/2-1/2"]
[WhiteElo "1866"]
[BlackElo "1802"]
[PlyCount "118"]
[EventDate "2024.??.??"]
[SourceVersionDate "2020.03.16"]

1. Nf3 Nf6 2. c4 c5 3. d4 cxd4 4. Nxd4 Nc6 5. Nc3 g6 6. e4 d6 7. Be2 Bg7 8. O-O O-O 9. Be3 Bd7 10. Kh1 Re8 11. Rc1 Rc8 12. Nxc6 Bxc6 13. f3 a6 14. Qd2 Qa5 15. Rfd1 b5 16. cxb5 axb5 17. Nxb5 Qxd2 18. Bxd2 Bxb5 19. Bxb5 Rxc1 20. Rxc1 Rb8 21. a4 Nh5 22. g4 Nf6 23. Bc3 Bh6 24. Rd1 Bf4 25. Kg2 h5 26. h3 Nh7 27. Be2 Ng5 28. a5 Ne6 29. a6 Be3 30. Kg3 h4+ 31. Kg2 Nf4+ 32. Kf1 Nxh3 33. f4 Nxf4 34. Bf3 Ra8 35. Ra1 e5 36. b4 Ne6 37. Ra2 h3 38. b5 Nc7 39. Rb2 Rb8 40. Be2 Kg7 41. Bb4 Bd4 42. Bxd6 Bxb2 43. Bxc7 Rh8 44. Kg1 Bd4+ 45. Kh2 Rc8 46. b6 Bxb6 47. Bxb6 Rc2 48. a7 Rxe2+ 49. Kxh3 Ra2 50. g5 f5 51. Bc7 Rxa7 52. Bxe5+ Kf7 53. exf5 gxf5 54. Kg3 Kg6 55. Bf6 Ra4 56. Bd8 Rg4+ 57. Kf3 Kf7 58. Bf6 Ke6 59. Bd8 Ke5 1/2-1/2

[Event "Hellertal - Wattenscheid 2"]
[Site "?"]
[Date "2024.02.25"]
[Round "6.2"]
[White "Mueller, Sven"]
[Black "Peter, Thomas"]
[Result "1-0"]
[WhiteElo "2106"]
[BlackElo "2193"]
[PlyCount "49"]
[EventDate "2024.??.??"]
[SourceVersionDate "2020.03.16"]

1. e4 e6 2. d4 d5 3. Nc3 Bb4 4. e5 Ne7 5. a3 Bxc3+ 6. bxc3 c5 7. h4 Qa5 8. Bd2 Nbc6 9. h5 Bd7 10. Qc1 Qa4 11. Rb1 cxd4 12. Bb5 Qa5 13. cxd4 Qc7 14. Ne2 Na5 15. Bxd7+ Kxd7 16. Rh3 Rhc8 17. Rf3 Ke8 18. Bc3 h6 19. Qf4 Kd7 20. Qxf7 Nac6 21. Qxg7 Rg8 22. Qxh6 Nf5 23. Rxf5 exf5 24. Nf4 Ne7 25. Qe6+ 1-0

[Event "Hellertal - Wattenscheid 2"]
[Site "?"]
[Date "2024.02.25"]
[Round "6.3"]
[White "Lang, Daniel"]
[Black "Petri, Wolfgang"]
[Result "1-0"]
[WhiteElo "2120"]
[BlackElo "1959"]
[PlyCount "83"]
[EventDate "2024.??.??"]
[SourceVersionDate "2020.03.16"]

1. d4 g6 2. c4 Bg7 3. Nc3 d6 4. e4 e5 5. dxe5 dxe5 6. Qxd8+ Kxd8 7. Bg5+ f6 8. O-O-O+ Bd7 9. Be3 c6 10. c5 Kc7 11. Nf3 b5 12. cxb6+ axb6 13. Bc4 Bh6 14. Rhe1 Bg4 15. Rd2 Bxf3 16. gxf3 Nd7 17. Red1 Nf8 18. Rd6 f5 19. Rxc6+ Kxc6 20. Bd5+ Kc7 21. Bxa8 Bxe3+ 22. fxe3 Nf6 23. Nb5+ Kc8 24. Nd6+ Kb8 25. Nf7 Rg8 26. Nh6 Rh8 27. Bc6 Kc7 28. Nf7 Kxc6 29. Nxh8 fxe4 30. Nf7 N8d7 31. Rd6+ Kc7 32. fxe4 Nxe4 33. Re6 Nec5 34. Re7 Kc6 35. Kc2 e4 36. Ne5+ Kd6 37. Rxd7+ Nxd7 38. Nxd7 Kxd7 39. Kc3 Ke6 40. Kd4 Kf5 41. a4 h5 42. b4 1-0

[Event "Hellertal - Wattenscheid 2"]
[Site "?"]
[Date "2024.02.25"]
[Round "6.4"]
[White "Reiffenrath, Christian"]
[Black "Gohla, Ulf"]
[Result "1-0"]
[WhiteElo "1860"]
[BlackElo "2115"]
[PlyCount "135"]
[EventDate "2024.??.??"]
[SourceVersionDate "2020.03.16"]

1. f4 d5 2. Nf3 Bg4 3. e3 Nf6 4. d4 Nbd7 5. Bd3 e6 6. O-O c6 7. c3 Ne4 8. Nbd2 f5 9. Qb3 Qc7 10. h3 Bxf3 11. Nxf3 Be7 12. Bd2 g5 13. Bxe4 fxe4 14. Nxg5 Bxg5 15. fxg5 O-O-O 16. c4 Qg3 17. cxd5 exd5 18. Rf5 Rhg8 19. Be1 Qd6 20. Rc1 Nb6 21. Ba5 Qg3 22. Be1 Qd6 23. Qd1 Nc4 24. Qe2 Qg6 25. g4 Rdf8 26. Rxf8+ Rxf8 27. b3 Nd6 28. Bg3 Rf3 29. Kg2 Nf7 30. h4 h5 31. Qe1 hxg4 32. Qa5 Nd6 33. Qxd5 Kd7 34. Qxd6+ Qxd6 35. Bxd6 Kxd6 36. h5 Ke7 37. Rc5 Rxe3 38. Rf5 Rh3 39. g6 Rf3 40. Re5+ Kf6 41. Rxe4 Rf5 42. Rxg4 Kg7 43. h6+ Kg8 44. Kg3 Rh5 45. h7+ Kg7 46. Kf4 Rd5 47. Ke4 Rh5 48. Rg2 a5 49. a4 Rh3 50. Ke5 Rxb3 51. Rh2 Re3+ 52. Kf4 Re8 53. Kf5 Rf8+ 54. Ke6 Rh8 55. Rb2 Kxg6 56. Rxb7 Rf8 57. Kd6 Rf6+ 58. Kc5 Rf5+ 59. Kxc6 Rh5 60. d5 Kf6 61. d6 Rh1 62. d7 Rc1+ 63. Kb6 Rb1+ 64. Kxa5 Rxb7 65. d8=Q+ Kf7 66. Qd5+ Kg7 67. Qxb7+ Kh8 68. Qc8+ 1-0

[Event "Hellertal - Wattenscheid 2"]
[Site "?"]
[Date "2024.02.25"]
[Round "6.5"]
[White "Schlange, Stefan"]
[Black "Petri, Raphael"]
[Result "1-0"]
[WhiteElo "2157"]
[BlackElo "1817"]
[PlyCount "75"]
[EventDate "2024.??.??"]
[SourceVersionDate "2020.03.16"]

1. e4 c5 2. Nf3 a6 3. c3 d6 4. d4 cxd4 5. cxd4 g6 6. Nc3 Bg7 7. Be3 Nf6 8. Be2 O-O 9. Qd2 b5 10. a3 Bb7 11. Bd3 Nc6 12. Bh6 Qb6 13. Bxg7 Kxg7 14. Bc2 Na5 15. O-O Rac8 16. Qe2 Nc4 17. Bd3 Na5 18. Rad1 h6 19. Rfe1 Nh5 20. g3 e6 21. e5 Nc4 22. Be4 d5 23. Bd3 Nxa3 24. Nh4 Qd8 25. f4 Nxf4 26. Nf5+ exf5 27. gxf4 Qb6 28. Qf2 Nc4 29. Bb1 Rfe8 30. Rd3 a5 31. Kh1 Kh7 32. Rh3 h5 33. Bxf5 gxf5 34. Rxh5+ Kg7 35. Rg1+ Kf8 36. Qh4 f6 37. Rxf5 Rc6 38. Qh7 1-0

[Event "Halver-Schalksmühle - Ennepe"]
[Site "?"]
[Date "2024.02.25"]
[Round "6.1"]
[White "Tripolsky, Eugen"]
[Black "Browning, Alex"]
[Result "1/2-1/2"]
[WhiteElo "2283"]
[BlackElo "2309"]
[PlyCount "102"]
[EventDate "2024.??.??"]
[SourceVersionDate "2020.03.16"]

1. e4 c5 2. Nf3 d6 3. d4 cxd4 4. Qxd4 Nc6 5. Bb5 Bd7 6. Bxc6 Bxc6 7. Nc3 Nf6 8. Bg5 e6 9. O-O-O Be7 10. Rhe1 O-O 11. e5 Bxf3 12. gxf3 dxe5 13. Qxe5 Qb8 14. Qxb8 Raxb8 15. Bxf6 Bxf6 16. Rd7 Rfd8 17. Red1 Rxd7 18. Rxd7 Be5 19. h3 Kf8 20. Kd2 Ke8 21. Rd3 Ke7 22. b3 Rc8 23. a4 Rc5 24. Ne2 Bc7 25. Rd4 Rh5 26. h4 Bb6 27. Rc4 Kd7 28. Ng3 Re5 29. f4 Rd5+ 30. Ke2 Bd8 31. h5 Bh4 32. h6 gxh6 33. f5 Be7 34. fxe6+ fxe6 35. Rg4 Re5+ 36. Kf3 Bf8 37. Ne4 Ke7 38. Ng3 Rd5 39. Rc4 Kd7 40. Rf4 Ke7 41. Rc4 Rd7 42. Ke4 Kf7 43. Rc8 b6 44. Rc6 Bc5 45. f4 a5 46. c3 Rd1 47. f5 Re1+ 48. Kf4 e5+ 49. Kg4 e4 50. b4 axb4 51. cxb4 Bxb4 1/2-1/2

[Event "Halver-Schalksmühle - Ennepe"]
[Site "?"]
[Date "2024.02.25"]
[Round "6.2"]
[White "Jansen, Dirk Norbert"]
[Black "Heller, Achim"]
[Result "1-0"]
[WhiteElo "2066"]
[BlackElo "2037"]
[PlyCount "113"]
[EventDate "2024.??.??"]
[SourceVersionDate "2020.03.16"]

1. e4 c6 2. d4 d5 3. e5 Bf5 4. h4 h5 5. Bg5 Qb6 6. Bd3 Bxd3 7. Qxd3 e6 8. Nd2 Ne7 9. Ngf3 Nf5 10. O-O Qa6 11. c4 Nd7 12. Qc3 dxc4 13. Nxc4 Nb6 14. Nxb6 Qxb6 15. Rfd1 Bb4 16. Qc2 Be7 17. Bxe7 Nxe7 18. Rd3 Rd8 19. Rad1 O-O 20. Rb3 Qa6 21. Ra3 Qb6 22. Rb3 Qa6 23. Ng5 Nf5 24. Qe4 Qa4 25. g4 hxg4 26. Qxg4 Rxd4 27. Rxd4 Qxd4 28. Qxd4 Nxd4 29. Rxb7 a5 30. Kg2 f6 31. exf6 gxf6 32. Ne4 Nf5 33. h5 Rf7 34. Nc5 Nd4 35. Rb8+ Kh7 36. Kh3 Kh6 37. Rh8+ Kg7 38. Ra8 f5 39. Rxa5 Kf6 40. Ra4 e5 41. f4 Rh7 42. fxe5+ Kxe5 43. Kh4 Nf3+ 44. Kg3 Nd4 45. Nd3+ Ke4 46. Nf4 Rg7+ 47. Ng6 f4+ 48. Kf2 c5 49. Ra8 Ne6 50. h6 Rh7 51. Re8 Kf5 52. Rxe6 Rxh6 53. Nxf4 Rh2+ 54. Kf3 Rxb2 55. Re2 Rb1 56. Ng2 c4 57. Ne3+ 1-0

[Event "Halver-Schalksmühle - Ennepe"]
[Site "?"]
[Date "2024.02.25"]
[Round "6.3"]
[White "Arakelian, Aik"]
[Black "Lutze, Max"]
[Result "1-0"]
[WhiteElo "2057"]
[BlackElo "2055"]
[PlyCount "57"]
[EventDate "2024.??.??"]
[SourceVersionDate "2020.03.16"]

1. e4 c5 2. Nf3 Nc6 3. Bb5 e6 4. O-O Nge7 5. c3 a6 6. Ba4 b5 7. Bc2 Bb7 8. d4 cxd4 9. Nxd4 Ng6 10. Be3 Be7 11. f4 O-O 12. Qh5 Qc7 13. Ne2 Nb4 14. Bb3 Nd3 15. f5 Nge5 16. Nd2 Nxb2 17. f6 Bxf6 18. Rxf6 gxf6 19. Rf1 Nbd3 20. Rxf6 Ng6 21. Bd4 d5 22. Nf3 e5 23. Qh6 Rfe8 24. Ng5 Re7 25. Qxh7+ Kf8 26. Rxg6 Ke8 27. Bb6 fxg6 28. Qxg6+ Kd7 29. Bxc7 1-0

[Event "Halver-Schalksmühle - Ennepe"]
[Site "?"]
[Date "2024.02.25"]
[Round "6.4"]
[White "Runtemund, Rene"]
[Black "Hess, Olena"]
[Result "1/2-1/2"]
[WhiteElo "2004"]
[BlackElo "2048"]
[PlyCount "29"]
[EventDate "2024.??.??"]
[SourceVersionDate "2020.03.16"]

1. e4 d6 2. d4 Nf6 3. Nc3 e5 4. Nf3 Nbd7 5. dxe5 dxe5 6. Bc4 Bd6 7. O-O O-O 8. Bg5 Be7 9. Qe2 c6 10. Rad1 Qc7 11. h3 b5 12. Bb3 Nc5 13. Qe3 Ne6 14. Bxe6 Bxe6 15. Rd2 1/2-1/2

[Event "Halver-Schalksmühle - Ennepe"]
[Site "?"]
[Date "2024.02.25"]
[Round "6.5"]
[White "Bruchmann, Norbert"]
[Black "Luettich, Bodo"]
[Result "1-0"]
[WhiteElo "2038"]
[BlackElo "2021"]
[PlyCount "93"]
[EventDate "2024.??.??"]
[SourceVersionDate "2020.03.16"]

1. e4 d5 2. exd5 Qxd5 3. Nc3 Qa5 4. d4 c6 5. Nf3 Bg4 6. Bc4 Nf6 7. h3 Bxf3 8. Qxf3 e6 9. Bd2 Qb6 10. O-O-O Qxd4 11. Bg5 Qe5 12. Bf4 Qc5 13. Qe2 Nbd7 14. g4 O-O-O 15. Be3 Qa5 16. Kb1 Bb4 17. Bd2 Nd5 18. Bxd5 exd5 19. a3 Bd6 20. Qf3 f6 21. Rhe1 Ne5 22. Qf5+ Nd7 23. Ne4 Qc7 24. Nxd6+ Qxd6 25. Bb4 Qc7 26. Re7 g6 27. Qe6 c5 28. Bd2 Qc6 29. Re1 g5 30. Qxc6+ bxc6 31. Ba5 Rdf8 32. R1e6 Ne5 33. Rc7+ Kb8 34. Ree7 h5 35. Rb7+ Ka8 36. Rxa7+ Kb8 37. Reb7+ Kc8 38. Bc7 Re8 39. Rb8+ Kd7 40. Bxe5+ Ke6 41. Rxe8+ Rxe8 42. Bg3 f5 43. gxf5+ Kxf5 44. Bd6 Re1+ 45. Ka2 Rh1 46. Bxc5 Rxh3 47. a4 1-0

[Event "Halver-Schalksmühle - Ennepe"]
[Site "?"]
[Date "2024.02.25"]
[Round "6.6"]
[White "Schmidt, Volker"]
[Black "Nasoyan, Maksim"]
[Result "0-1"]
[WhiteElo "1964"]
[BlackElo "1893"]
[PlyCount "72"]
[EventDate "2024.??.??"]
[SourceVersionDate "2020.03.16"]

1. e4 c5 2. Nf3 e6 3. d4 cxd4 4. Nxd4 Nf6 5. Nc3 Nc6 6. Ndb5 d6 7. Bf4 e5 8. Bg5 a6 9. Bxf6 gxf6 10. Na3 b5 11. Nd5 Bg7 12. Qh5 Ne7 13. Nxe7 Qxe7 14. c3 Bb7 15. Bd3 d5 16. Qe2 b4 17. Nc2 bxc3 18. bxc3 f5 19. exd5 e4 20. Rb1 Bxc3+ 21. Kf1 exd3 22. Qxe7+ Kxe7 23. Rxb7+ Kf6 24. Ne3 Rhb8 25. Rxb8 Rxb8 26. g3 Bd4 27. Kg2 Rb2 28. Kf3 Rxa2 29. Rd1 Bxe3 30. Kxe3 d2 31. Kd4 a5 32. f4 a4 33. Kc4 Rb2 34. Kc3 a3 35. Ra1 Ke7 36. Kd3 a2 0-1

[Event "Halver-Schalksmühle - Ennepe"]
[Site "?"]
[Date "2024.02.25"]
[Round "6.7"]
[White "Schaefer, Martin"]
[Black "Koelz, Niklas"]
[Result "0-1"]
[WhiteElo "1949"]
[BlackElo "1844"]
[PlyCount "78"]
[EventDate "2024.??.??"]
[SourceVersionDate "2020.03.16"]

1. d4 Nf6 2. c4 e6 3. g3 d5 4. Bg2 b6 5. Nc3 Bb7 6. Qc2 c5 7. dxc5 bxc5 8. Nh3 Nbd7 9. O-O Nb6 10. cxd5 exd5 11. a4 Qc8 12. a5 Nbd7 13. a6 Bc6 14. e4 d4 15. Nd5 Bxd5 16. exd5 Bd6 17. Re1+ Kf8 18. Bg5 h6 19. Bf4 Qc7 20. b4 g5 21. Bxd6+ Qxd6 22. bxc5 Nxc5 23. Qc4 d3 24. Red1 Kg7 25. f4 Rhd8 26. fxg5 hxg5 27. Nxg5 Nxd5 28. Rac1 Rac8 29. Rf1 Rc7 30. Qh4 Nf6 31. Ne4 Ncxe4 32. Rxc7 Qxc7 33. Bxe4 Qc5+ 34. Kg2 Qe5 35. Bf3 Rd4 36. g4 Ra4 37. Bd1 Rb4 38. h3 Nd5 39. Qe1 Rb2+ 0-1

[Event "Halver-Schalksmühle - Ennepe"]
[Site "?"]
[Date "2024.02.25"]
[Round "6.8"]
[White "Kaemper, Ralph"]
[Black "Beller, Anthony"]
[Result "1-0"]
[WhiteElo "2006"]
[BlackElo "1464"]
[PlyCount "87"]
[EventDate "2024.??.??"]
[SourceVersionDate "2020.03.16"]

1. d4 Nf6 2. Nf3 g6 3. e3 Bg7 4. Bd3 d6 5. O-O O-O 6. b3 Nc6 7. Bb2 a5 8. a3 Nd7 9. Be4 e5 10. Bxc6 bxc6 11. dxe5 dxe5 12. a4 f5 13. Qc1 Qe8 14. Bc3 h6 15. Na3 g5 16. Qb2 g4 17. Nd2 Qg6 18. Nac4 Ba6 19. Rfe1 Rae8 20. Nxa5 h5 21. Ndc4 h4 22. Rad1 Rf7 23. Rd2 Rfe7 24. Red1 Nc5 25. Bb4 Ne4 26. Bxe7 Nxd2 27. Rxd2 Rxe7 28. Qa3 Re8 29. Qc5 g3 30. Qxc6 Re6 31. Qxc7 Kh7 32. Rd6 Rxd6 33. Qxd6 Qxd6 34. Nxd6 f4 35. exf4 exf4 36. hxg3 hxg3 37. fxg3 fxg3 38. Ndc4 Bc8 39. Kf1 Bf5 40. Ne3 Be4 41. Nac4 Bc3 42. Ke2 Kg7 43. Nd6 Bc6 44. Ndf5+ 1-0

[Event "Bonn Beuel - Porz IV"]
[Site "?"]
[Date "2024.02.25"]
[Round "6.1"]
[White "Gallinnis, Norbert"]
[Black "Haag, Martin"]
[Result "0-1"]
[WhiteElo "2123"]
[BlackElo "2224"]
[PlyCount "80"]
[EventDate "2024.??.??"]
[SourceVersionDate "2020.03.16"]

1. b3 e5 2. Bb2 Nc6 3. Nf3 e4 4. Nd4 Nf6 5. Nxc6 dxc6 6. d4 Bf5 7. Qd2 Qd7 8. Na3 O-O-O 9. O-O-O Nd5 10. Nc4 h5 11. a3 Qe6 12. h3 Be7 13. e3 h4 14. Be2 Kb8 15. Qe1 g5 16. Ne5 Rhg8 17. Bh5 Rdf8 18. c4 Nf6 19. Be2 Bd6 20. Qa5 Bxe5 21. dxe5 Nd7 22. Rd2 b6 23. Qc3 Nc5 24. Rhd1 g4 25. hxg4 Bxg4 26. f3 Bf5 27. Bf1 Rg3 28. Rd8+ Rxd8 29. Rxd8+ Kb7 30. fxe4 Nxe4 31. Qe1 Qh6 32. Rd3 Nc5 33. Rc3 Ne4 34. Rd3 Nc5 35. Rc3 Be4 36. Qf2 Qg6 37. b4 Na4 38. Rb3 Bxg2 39. Be2 h3 40. e6 fxe6 0-1